000 00878cam a22002654a 4500
001 11770283
005 20180214082508.0
008 990812s1999 dcu b 001 0 eng
010 _a 99045358
020 _a0870031686 (cloth)
020 _a0870031694 (paper)
035 _a(DLC) 99045358
040 _aDLC
_cDLC
_dDLC
041 _aeng
042 _apcc
080 _a321.8071 THO
082 0 0 _a321.8071 THO
_221
100 1 _a23
101 _aPOL
245 1 0 _aAiding democracy abroad :
_cThomas Carothers.
504 _aIncludes bibliographical references (p. 383-400) and index.
906 _a7
_bcbc
_corignew
_d1
_eocip
_f19
_gy-gencatlg
942 _2ddc
_cBK
999 _c42518
_d42518